Estudios de historia del Derecho Indiano.

محفوظ في:
التفاصيل البيبلوغرافية
المؤلف الرئيسي: García-Gallo de Diego, Alfonso (autor)
التنسيق: كتاب
اللغة:الإسبانية
منشور في: Madrid, España: Instituto Nacional de Estudios Jurídicos, 1972.
الموضوعات:
الوسوم: إضافة وسم
لا توجد وسوم, كن أول من يضع وسما على هذه التسجيلة!

MARC

LEADER 00000nam a2200000 a 4500
001 UCS7673
003 CL-VaPUC
005 20240307142257.0
008 971017e19720000sp 1 spa d
999 |c 383018  |d 383016 
040 |c Pontificia Universidad Católica de Valparaíso 
082 0 4 |a 349.8 GAR 1972   |2 21 
100 |a García-Gallo de Diego, Alfonso  |e autor  |9 431084 
245 1 0 |a Estudios de historia del Derecho Indiano. 
260 |a Madrid, España:  |b Instituto Nacional de Estudios Jurídicos,   |c 1972.  
300 |a 816 páginas.  
500 |a c.2 Donación Familia Prof. Alejandro Guzmán Brito. 
518 |p III Congreso del Instituto Internacional de Historia del Derecho Indiano, 3, Madrid, 17-23 de enero de 1972.  
583 |a last modification  |c 19971017 00:00:00  |k Rodrigo Vera 
650 0 0 |a Derecho Indiano  |9 256266  |x Historia 
650 0 0 |a Derecho militar  |9 255065 
942 |c BK  |2 ddc  |n 0 
945 |a aolguin  |d 19971017 00:00:00 
952 |0 0  |1 0  |4 0  |6 349_800000000000000_GAR_1972  |7 0  |8 DER_HDC  |9 504998  |a BIBDER  |b BIBDER  |d 2020-01-23  |i 1888919  |l 3  |o 349.8 GAR 1972  |p 1888919  |r 2023-10-23  |s 2023-10-23  |w 2020-01-23  |x Ubicación 4to Piso  |y BK  |z Estos recursos deben solicitarse con anticipación  |k DER